|
|
|
|
| LEADER |
00000nab a2200000 a 4500 |
| 001 |
vtls000777941 |
| 003 |
SK-MaSNL |
| 005 |
20260304131359.0 |
| 008 |
250429c2001 xo 0 slo |
| 015 |
|
|
|a SNBRB2001/12-34577
|
| 035 |
|
|
|a CLN000129722
|
| 035 |
|
|
|a urn:nbn:sk:snk-abf3ye
|
| 035 |
|
|
|a (urnnbn)urn:nbn:sk:snk:ar-a09pj5
|
| 035 |
|
|
|a (uuid)f93dfa23-f412-4a02-a8c4-285db9454438
|
| 040 |
|
|
|a SNKBUCL
|b slo
|c SNKBUCL
|e AACR2
|
| 041 |
0 |
|
|a eng
|
| 044 |
|
|
|a xo
|c SK
|
| 080 |
|
|
|a 621.31:622.691.4
|2 1997
|
| 080 |
|
|
|a 622.691.4
|2 1997
|
| 100 |
1 |
|
|a Poživil, Jaroslav
|4 aut
|9 10302
|
| 245 |
1 |
0 |
|a Využití tlakového spádu plynu k výrobě elektrické energie
|c Jaroslav Poživil, Martin Žďánský
|
| 300 |
|
|
|b Grafy, sch., tab.
|
| 504 |
|
|
|a Res. angl., čes.
|
| 504 |
|
|
|a Bibliogr. odkazy
|
| 650 |
0 |
7 |
|a energia elektrická
|x výroba
|x plyn zemný
|x stanice redukčné
|x spád tlakový
|x využitie
|2 snkbucl
|9 1444485
|
| 650 |
0 |
7 |
|a zemný plyn
|2 snkbucl
|9 29458
|
| 650 |
0 |
7 |
|a turbíny
|2 snkbucl
|9 89868
|
| 655 |
|
7 |
|a články z novín a časopisov
|2 snkbucl
|9 267496
|
| 700 |
1 |
|
|a Žďánský, Martin
|4 aut
|9 1416954
|
| 773 |
0 |
|
|t Ropa, uhlie, plyn a petrochémia
|g Roč. 43, č. 2 (2001), s. 34-37
|x 1335-7727
|
| 850 |
|
|
|a Slovenská národná knižnica
|
| 852 |
|
|
|a Slovenská národná knižnica
|
| 958 |
|
|
|a article27
|
| 958 |
|
|
|a OND
|
| 958 |
|
|
|a NB
|
| 958 |
|
|
|a EUIPO
|
| 999 |
|
|
|c 2896749
|d 2898679
|